Political Parties in the State Duma (Russia) - Statistics

General Stats
  • This quiz has been taken 80 times
    68 since last reset
  • The average score is 4 of 8
Answer Stats
Seats Political Position Answer % Correct
57 Far-left Communist Party of the Russian Federation (CPRF)
98%
324 Right-wing United Russia
93%
21 Far-right Liberal Democratic Party of Russia (LDPR)
89%
1 Far-right Rodina
43%
27 Centre-left A Just Russia - For Truth (SRZP)
35%
13 Centre-right New People
35%
1 Centre-right Party of Growth (PR)
17%
1 Centre-right Civic Platform
11%
No matching quizzes found
Score Distribution
Percent of People with Each Score
Percentile by Number Answered
Your Score History
You have not taken this quiz since the last reset